| 000 | 00528nam a2200193Ia 4500 | ||
|---|---|---|---|
| 003 | OSt | ||
| 005 | 20230608161031.0 | ||
| 008 | 210423s2005 xx 000 0 und d | ||
| 040 | _cAL | ||
| 082 |
_a306.85 MEHM _223 |
||
| 100 |
_aMEHTA (Prakash Chandra) _9122868 |
||
| 245 | _aMarriages in indian society | ||
| 260 |
_aNew Delhi _bDiscovery Publishing House _c2005 |
||
| 365 |
_b375 _cINR |
||
| 650 |
_aMarriage & Family _9122869 |
||
| 650 |
_aSociology _9122870 |
||
| 906 | _aindian ; Marriages ; society | ||
| 942 |
_2ddc _cBK |
||
| 999 |
_c174090 _d174090 |
||